| 000 | 01267nam a22003377a 4500 | ||
|---|---|---|---|
| 999 |
_c29468 _d29439 |
||
| 003 | EG-ScBUE | ||
| 005 | 20210923104423.0 | ||
| 008 | 210923s2002 ua f 000 0cara d | ||
| 017 | _a2001/4950 | ||
| 020 | _a9772083221 | ||
| 040 |
_aEG-ScBUE _bara _erda _cEG-ScBUE _dEG-ScBUE |
||
| 082 | 0 | 4 |
_a962.05 _bج و ا _222 |
| 100 | 1 |
_aالجوادي، محمد، _eمؤلف. |
|
| 245 | 1 | 2 |
_aالنخبة المصرية الحاكمة 1952-2000 / _cد. محمد الجوادي. |
| 250 | _aالطبعة الأولى. | ||
| 264 | 1 |
_aالقاهرة : _bمكتبة مدبولي، _c2002. |
|
| 300 |
_a639 صفحة ؛ _c24 سم. |
||
| 336 |
_2rdacontent _aنص _btxt |
||
| 337 |
_2rdamedia _aبدون وسيط _bn |
||
| 338 |
_2rdacarrier _aمجلد _bnc |
||
| 490 | 0 |
_aصفحات من تاريخ مصر ؛ _v47 |
|
| 500 | _aيشتمل على ملاحق. | ||
| 541 | _cDonation. | ||
| 650 | 7 |
_aالسياسيون المصريون _vتراجم. _2BUEsh |
|
| 650 | 7 |
_aالوزراء _zمصر _vتراجم. _2BUEsh |
|
| 651 | 7 |
_aمصر _xرؤساء الجمهورية _vتراجم. _2BUEsh |
|
| 651 | 7 |
_aمصر _xتاريخ _yالعصر الحديث (1805 م- ). _2BUEsh |
|
| 653 |
_bGGEN _cSeptember2021 |
||
| 655 |
_vReading book _934232 |
||
| 942 | _2ddc | ||